[Event "Pinneberg-ch 37th"]
[Site "Pinneberg"]
[Date "2019.09.19"]
[Round "7"]
[White "Hadlich, Carmen"]
[Black "Schoppe, Gottfried"]
[Result "1/2-1/2"]
[WhiteElo "1289"]
[BlackElo "1404"]
[PlyCount "114"]
[EventDate "2019.08.08"]
[EventType "swiss"]
[EventRounds "7"]
[EventCountry "GER"]
[SourceTitle "CBM 192 Extra"]
[Source "Chessbase"]
[SourceDate "2019.11.06"]
[SourceVersion "1"]
[SourceVersionDate "2019.11.06"]
[SourceQuality "1"]

1. d4 Nf6 2. Nf3 g6 3. e3 Bg7 4. Bd3 0-0 5. 0-0 d5 6. Nbd2 Nc6 7. c3 Re8 8. e4 e5 9. Re1 dxe4 10. Nxe4 exd4 11. cxd4 Bg4 12. Nxf6+ Qxf6 13. Be2 Rad8 14. Bg5 Qd6 15. Bxd8 Rxd8 16. Ne5 Bxe2 17. Qxe2 Nxd4 18. Qe4 Re8 19. f4 f6 20. Nc4 Rxe4 21. Nxd6 Rxe1+ 22. Rxe1 cxd6 23. Re7 b5 24. Kf1 a5 25. Rd7 Bf8 26. g4 Nf3 27. Kg2 Ne1+ 28. Kf1 Nd3 29. Rb7 b4 30. Ra7 Nxb2 31. Rxa5 Nd3 32. f5 Ne5 33. h3 Nc4 34. Ra6 Kf7 35. Ra7+ Kg8 36. Kg2 gxf5 37. gxf5 Ne3+ 38. Kf3 Nxf5 39. Ra5 Nd4+ 40. Ke4 Nc6 41. Rh5 Ne7 42. Kd3 Nc6 43. Rh4 d5 44. Rf4 Kf7 45. Rf1 Na5 46. Rf5 Ke6 47. Rf1 Bd6 48. Rg1 b3 49. axb3 Nxb3 50. Rg7 h6 51. Rg6 Bf4 52. Rg8 Nc5+ 53. Kd4 Bd6 54. Rh8 Ne4 55. Rxh6 Be5+ 56. Kd3 Bf4 57. Rh8 Nf2+ 1/2-1/2

[Event "Pinneberg-ch 37th"]
[Site "Pinneberg"]
[Date "2019.08.08"]
[Round "1"]
[White "Hadlich, Carmen"]
[Black "Schmidt, Roland1111"]
[Result "0-1"]
[WhiteElo "1289"]
[BlackElo "1780"]
[PlyCount "62"]
[EventDate "2019.08.08"]
[EventType "swiss"]
[EventRounds "7"]
[EventCountry "GER"]
[SourceTitle "CBM 192 Extra"]
[Source "Chessbase"]
[SourceDate "2019.11.06"]
[SourceVersion "1"]
[SourceVersionDate "2019.11.06"]
[SourceQuality "1"]

1. d4 d5 2. Nf3 Nf6 3. e3 e6 4. Bd3 c5 5. c4 Nc6 6. Bd2 Be7 7. 0-0 0-0 8. Re1 a6 9. a3 dxc4 10. Bxc4 cxd4 11. exd4 Nxd4 12. Nxd4 Qxd4 13. Qc2 Bd7 14. Be3 Qh4 15. Nd2 Rac8 16. b3 b5 17. Nf3 Qh5 18. Qb2 bxc4 19. bxc4 Bc6 20. Qe2 Bc5 21. Bxc5 Qxc5 22. Red1 Rfd8 23. Rxd8+ Rxd8 24. Ne5 Ba4 25. h3 Nd7 26. Ng4 Qd4 27. Rc1 Nc5 28. Ne3 Qd2 29. Qf1 h6 30. Kh1 Nd3 31. Rb1 Nxf2+ 0-1

[Event "Pinneberg-ch"]
[Site "Pinneberg"]
[Date "2018.08.16"]
[Round "1"]
[White "Hadlich, Carmen"]
[Black "Grothkopp, Dietrich"]
[Result "0-1"]
[WhiteElo "1277"]
[BlackElo "1695"]
[PlyCount "80"]
[EventDate "2018.08.16"]
[EventType "swiss"]
[EventRounds "7"]
[EventCountry "GER"]
[SourceTitle "EXT 2019"]
[Source "ChessBase"]
[SourceDate "2018.10.10"]
[SourceVersion "1"]
[SourceVersionDate "2018.10.10"]
[SourceQuality "1"]

1. d4 Nf6 2. Nf3 g6 3. e3 Bg7 4. Bd3 c5 5. c3 b6 6. 0-0 Bb7 7. Nbd2 d5 8. Bb5+ Nbd7 9. Ne5 0-0 10. Nxd7 Nxd7 11. Bxd7 Qxd7 12. Re1 e5 13. Nf3 f6 14. b3 Rf7 15. c4 cxd4 16. exd4 e4 17. Nd2 f5 18. Bb2 Rd8 19. Nf1 dxc4 20. bxc4 Bxd4 21. Bxd4 Qxd4 22. Qb3 Qc5 23. Rad1 Rc8 24. Ne3 f4 25. Ng4 Qg5 26. Qh3 h5 27. Nh6+ Qxh6 28. Qe6 Kg7 29. Rd7 Rcf8 30. Qe5+ Kh7 31. Red1 Qg7 32. Qc7 Bc8 33. Rxf7 Qxf7 34. Qe5 Qe6 35. Qc7+ Rf7 36. Qd8 Rd7 37. Rxd7+ Qxd7 38. Qxd7+ Bxd7 39. a3 Be6 40. g3 f3 0-1

[Event "Pinneberg-ch"]
[Site "Pinneberg"]
[Date "2017.10.19"]
[Round "7"]
[White "Hadlich, Carmen"]
[Black "Schoppe, Gottfried"]
[Result "0-1"]
[WhiteElo "1228"]
[BlackElo "1495"]
[PlyCount "60"]
[EventDate "2017.09.07"]
[EventType "swiss"]
[EventRounds "7"]
[EventCountry "GER"]
[SourceTitle "EXT 2019"]
[Source "ChessBase"]
[SourceDate "2018.10.10"]
[SourceVersion "1"]
[SourceVersionDate "2018.10.10"]
[SourceQuality "1"]

1. d4 Nf6 2. Nf3 g6 3. e3 Bg7 4. Bd3 0-0 5. 0-0 d6 6. h3 Re8 7. c4 c6 8. Nc3 e5 9. dxe5 dxe5 10. Ne4 Nbd7 11. b4 Qe7 12. Rb1 a6 13. Bd2 Nb6 14. Qc2 Kh8 15. Bc3 Nxe4 16. Bxe4 f5 17. Bd3 e4 18. Bxg7+ Qxg7 19. Bxe4 fxe4 20. Ng5 Qe7 21. Qc3+ Kg8 22. h4 h6 23. Nh3 Bxh3 24. gxh3 Qxh4 25. Kh2 Rad8 26. Qc2 Qf6 27. Rg1 Rd3 28. Qe2 Kh7 29. c5 Nd5 30. Rbd1 Nc3 0-1

[Event "Pinneberg-ch"]
[Site "Pinneberg"]
[Date "2017.09.28"]
[Round "4"]
[White "Berking, Bernhard"]
[Black "Hadlich, Carmen"]
[Result "1/2-1/2"]
[WhiteElo "1411"]
[BlackElo "1228"]
[PlyCount "120"]
[EventDate "2017.09.07"]
[EventType "swiss"]
[EventRounds "7"]
[EventCountry "GER"]
[SourceTitle "EXT 2019"]
[Source "ChessBase"]
[SourceDate "2018.10.10"]
[SourceVersion "1"]
[SourceVersionDate "2018.10.10"]
[SourceQuality "1"]

1. c4 Nf6 2. Nc3 e6 3. d4 d5 4. Nf3 Nc6 5. cxd5 exd5 6. g3 Bb4 7. Bg2 0-0 8. 0-0 Be7 9. a3 a6 10. Bg5 h6 11. Bd2 Be6 12. Qc2 Qd7 13. Rfe1 Rfe8 14. Be3 Bf5 15. Qc1 Ng4 16. Bf4 Nd8 17. Ne5 Nxe5 18. dxe5 c6 19. e4 dxe4 20. Nxe4 Ne6 21. Be3 Rac8 22. Rd1 Qc7 23. f4 c5 24. h3 c4 25. g4 Bxe4 26. Bxe4 Bc5 27. Kg2 Bxe3 28. Qxe3 Nc5 29. Bf5 Qc6+ 30. Kg3 Rcd8 31. Qe2 g6 32. Bc2 b5 33. Rxd8 Rxd8 34. Re1 Ne6 35. Rd1 Rf8 36. Be4 Qc5 37. Qf2 Qxf2+ 38. Kxf2 Nxf4 39. Kg3 Ne6 40. Rd6 a5 41. Rb6 Nd4 42. Kf2 Kg7 43. Ke3 Rd8 44. Rf6 Ne6 45. h4 b4 46. axb4 axb4 47. Rf2 Nc5 48. Rc2 Nxe4 49. Kxe4 Rc8 50. Kd5 c3 51. Kd4 Kf8 52. Kd3 Ke7 53. bxc3 bxc3 54. Kd4 Ke6 55. Ke4 f6 56. exf6 Kxf6 57. Rf2+ Kg7 58. Ke3 Rd8 59. Rf6 Rc8 60. Kd4 Kxf6 1/2-1/2

[Event "Pinneberg-ch"]
[Site "Pinneberg"]
[Date "2017.09.21"]
[Round "3"]
[White "Hadlich, Carmen"]
[Black "Sharma, Rishi"]
[Result "0-1"]
[WhiteElo "1228"]
[BlackElo "1671"]
[PlyCount "58"]
[EventDate "2017.09.07"]
[EventType "swiss"]
[EventRounds "7"]
[EventCountry "GER"]
[SourceTitle "EXT 2019"]
[Source "ChessBase"]
[SourceDate "2018.10.10"]
[SourceVersion "1"]
[SourceVersionDate "2018.10.10"]
[SourceQuality "1"]

1. d4 e6 2. Nf3 d5 3. e3 c5 4. c4 Nf6 5. cxd5 Nxd5 6. Bd2 Nc6 7. Bb5 Bd7 8. Bxc6 Bxc6 9. Ne5 cxd4 10. Nxc6 bxc6 11. exd4 Qb6 12. Qa4 Rc8 13. 0-0 Qxb2 14. Bc3 Nxc3 15. Nxc3 Qxc3 16. Rac1 Qa3 17. Qc4 Be7 18. Rc3 Qb4 19. Qd3 0-0 20. Rb1 Qd6 21. Rbc1 Rfd8 22. Qa6 Qxd4 23. h3 Qb6 24. Qa4 Rd4 25. Qc2 c5 26. Rb1 Rd2 27. Qc1 Qd6 28. Qa3 Qd4 29. Rcc1 Qxf2+ 0-1

[Event "Pinneberg-ch"]
[Site "Pinneberg"]
[Date "2017.09.14"]
[Round "2"]
[White "Hotze, Kurt"]
[Black "Hadlich, Carmen"]
[Result "1/2-1/2"]
[WhiteElo "1530"]
[BlackElo "1228"]
[PlyCount "98"]
[EventDate "2017.09.07"]
[EventType "swiss"]
[EventRounds "7"]
[EventCountry "GER"]
[SourceTitle "EXT 2019"]
[Source "ChessBase"]
[SourceDate "2018.10.10"]
[SourceVersion "1"]
[SourceVersionDate "2018.10.10"]
[SourceQuality "1"]

1. d4 d5 2. Nf3 Nc6 3. c3 Nf6 4. Bf4 e6 5. e3 Bd6 6. Bg3 Bxg3 7. hxg3 0-0 8. Bd3 Re8 9. Ne5 Nxe5 10. dxe5 Ne4 11. Qg4 Qg5 12. Qxg5 Nxg5 13. Nd2 h6 14. f4 Nh7 15. 0-0-0 Bd7 16. g4 g6 17. Nf3 Kg7 18. Rh2 f5 19. Rdh1 Rh8 20. Rxh6 Rag8 21. g5 Nf8 22. Rxh8 Rxh8 23. Rxh8 Kxh8 24. Nh2 c5 25. b3 b5 26. g4 c4 27. Bc2 Kg7 28. gxf5 exf5 29. b4 Ne6 30. Nf3 a6 31. Nd2 Bc6 32. Kb2 Bd7 33. Nf3 Bc8 34. Nh4 Nc7 35. Kc1 Ne8 36. Nf3 Nc7 37. Nd4 Bd7 38. Kd2 Kf7 39. Ke2 Ne8 40. a4 Nc7 41. axb5 axb5 42. Kf2 Ke7 43. Kg3 Kf7 44. Kh4 Kg7 45. Bd1 Kf7 46. Bf3 Kg7 47. Bg2 Kf7 48. Bh3 Kg7 49. Bg2 Kf7 1/2-1/2

[Event "Schleswig Holstein-ch Seniors op 11th"]
[Site "Buesum"]
[Date "2017.09.11"]
[Round "4"]
[White "Geibel, Henning"]
[Black "Hadlich, Carmen"]
[Result "1/2-1/2"]
[WhiteElo "1475"]
[BlackElo "1351"]
[PlyCount "89"]
[EventDate "2017.09.08"]
[EventType "swiss"]
[EventRounds "9"]
[EventCountry "GER"]
[SourceTitle "EXT 2019"]
[Source "ChessBase"]
[SourceDate "2018.10.10"]
[SourceVersion "1"]
[SourceVersionDate "2018.10.10"]
[SourceQuality "1"]

1. e4 c5 2. Nf3 Nc6 3. Bc4 e6 4. 0-0 g6 5. d4 d5 6. exd5 exd5 7. Bb5 Bd7 8. Re1+ Nge7 9. Ng5 Nxd4 10. Bxd7+ Qxd7 11. c3 Ndc6 12. Qf3 Qf5 13. Na3 Qxf3 14. Nxf3 Bg7 15. Nb5 0-0 16. Bg5 Nf5 17. Rad1 f6 18. Bf4 Rad8 19. Nc7 Rf7 20. Ne6 Re8 21. Nxc5 Rxe1+ 22. Nxe1 d4 23. g4 g5 24. Bxg5 fxg5 25. gxf5 dxc3 26. bxc3 Bxc3 27. Ng2 Rxf5 28. Nxb7 Bd4 29. Rf1 Ne5 30. Ne3 Nf3+ 31. Kg2 Nh4+ 32. Kg1 Rf4 33. Nd8 Bxe3 34. fxe3 Rxf1+ 35. Kxf1 Nf3 36. Kg2 Ne5 37. h3 Kg7 38. Kg3 Kg6 39. e4 h6 40. a4 a5 41. Nb7 Nc6 42. e5 Kf5 43. e6 Kxe6 44. Kg4 Kf6 45. Nc5 1/2-1/2

[Event "BL2 West 1617 (Women)"]
[Site "Germany"]
[Date "2017.02.12"]
[Round "5.6"]
[White "Rommeck, Christiane"]
[Black "Hadlich, Carmen"]
[Result "1-0"]
[WhiteElo "1562"]
[BlackElo "1359"]
[PlyCount "129"]
[EventDate "2016.10.22"]
[EventType "team-tourn"]
[EventRounds "7"]
[EventCountry "GER"]
[SourceTitle "EXT 2018"]
[Source "ChessBase"]
[SourceDate "2017.10.13"]
[SourceVersion "1"]
[SourceVersionDate "2017.10.13"]
[SourceQuality "1"]
[WhiteTeam "Kiel Doppelbauer (W)"]
[BlackTeam "Quickborn Holstein (W)"]
[WhiteTeamCountry "GER"]
[BlackTeamCountry "GER"]

1. e4 c5 2. Nf3 d6 3. Bb5+ Bd7 4. Bxd7+ Nxd7 5. c4 Ngf6 6. Nc3 g6 7. 0-0 Bg7 8. Qc2 0-0 9. b3 e6 10. Bb2 a6 11. d4 cxd4 12. Nxd4 e5 13. Nf3 Re8 14. Rad1 Qc7 15. Ba3 Nc5 16. Nd5 Nxd5 17. Rxd5 Rad8 18. Rfd1 Bf8 19. Bxc5 dxc5 20. Rxd8 Rxd8 21. Rxd8 Qxd8 22. Nxe5 Qd4 23. Nd3 Qxe4 24. Qd2 Qd4 25. h3 Bh6 26. Qe2 Qa1+ 27. Kh2 Bf8 28. g3 Qd4 29. Nf4 Qd7 30. Nd5 Qe6 31. Qf3 Bg7 32. Nf4 Qd7 33. Nd3 Bf8 34. Ne5 Qe7 35. Qd5 Qf6 36. Kg2 Qe6 37. f4 Qxd5+ 38. cxd5 Bd6 39. Nc4 Be7 40. Kf3 Bd8 41. Ke4 f6 42. d6 Kf7 43. Kd5 b5 44. Ne3 Ke8 45. Kc6 f5 46. Nd5 c4 47. bxc4 bxc4 48. Nc7+ Kf7 49. Nd5 Ke6 50. Nc7+ Kf7 51. Nxa6 c3 52. Nb4 Ke6 53. Nc2 h6 54. a4 g5 55. Nd4+ Kf6 56. Kd7 Bb6 57. Nc2 Kf7 58. Kc8 Ke8 59. d7+ Ke7 60. Ne3 Ba5 61. Nd5+ Kd6 62. Nxc3 Ke7 63. Nb5 Bd8 64. Nd6 gxf4 65. gxf4 1-0

[Event "Regionalliga NO 1617 (Women)"]
[Site "Germany"]
[Date "2016.10.23"]
[Round "1.3"]
[White "Neumann, Ramona"]
[Black "Hadlich, Carmen"]
[Result "1-0"]
[WhiteElo "1695"]
[BlackElo "1359"]
[PlyCount "113"]
[EventDate "2016.10.23"]
[EventType "team-tourn"]
[EventRounds "5"]
[EventCountry "GER"]
[SourceTitle "EXT 2018"]
[Source "ChessBase"]
[SourceDate "2017.10.13"]
[SourceVersion "1"]
[SourceVersionDate "2017.10.13"]
[SourceQuality "1"]
[WhiteTeam "Hamburger SK (W) II"]
[BlackTeam "Quickborn Holstein (W) II"]
[WhiteTeamCountry "GER"]
[BlackTeamCountry "GER"]

1. e4 c5 2. Nf3 d6 3. d4 cxd4 4. Nxd4 e5 5. Nf3 Nf6 6. Nc3 Bd7 7. Bc4 h6 8. 0-0 Be7 9. Be3 Nc6 10. Be2 Be6 11. Ne1 d5 12. exd5 Nxd5 13. Nxd5 Qxd5 14. Qxd5 Bxd5 15. c4 Be6 16. b3 0-0-0 17. Nf3 e4 18. Nd2 f5 19. f3 Nd4 20. Bd1 exf3 21. Nxf3 Nxf3+ 22. Bxf3 Bf6 23. Rad1 a6 24. Bb6 Rde8 25. Bh5 Reg8 26. Bg6 Bd8 27. Bxd8 Rxd8 28. Bxf5 Bxf5 29. Rxd8+ Rxd8 30. Rxf5 Rd1+ 31. Rf1 Rd2 32. Rf2 Rd1+ 33. Rf1 Rd2 34. a3 Rd3 35. Rf3 Rd1+ 36. Kf2 Rd2+ 37. Kg3 Rd6 38. b4 b6 39. Rf8+ Kc7 40. Rf7+ Rd7 41. Rxd7+ Kxd7 42. Kf4 Kd6 43. c5+ bxc5 44. bxc5+ Kxc5 45. Kf5 Kd4 46. Kg6 Ke4 47. Kxg7 a5 48. Kxh6 a4 49. g4 Kd3 50. g5 Kc3 51. g6 Kb3 52. g7 Kxa3 53. g8Q Kb4 54. Kg5 a3 55. Kf4 Kc3 56. Qa2 Kb4 57. h4 1-0

[Event "Pinneberg-ch"]
[Site "Pinneberg"]
[Date "2016.09.15"]
[Round "3"]
[White "Hadlich, Carmen"]
[Black "Tiedjens, Jan Peter"]
[Result "1-0"]
[WhiteElo "1204"]
[BlackElo "809"]
[PlyCount "63"]
[EventDate "2016.09.01"]
[EventType "swiss"]
[EventRounds "7"]
[EventCountry "GER"]
[SourceTitle "EXT 2018"]
[Source "ChessBase"]
[SourceDate "2017.10.13"]
[SourceVersion "1"]
[SourceVersionDate "2017.10.13"]
[SourceQuality "1"]

1. d4 d5 2. Nf3 Nc6 3. e3 Bg4 4. c4 e6 5. Nc3 Nf6 6. h3 Bh5 7. Be2 Bd6 8. Bd2 h6 9. 0-0 Bg6 10. cxd5 exd5 11. Ne1 0-0 12. Bd3 Nb4 13. Bxg6 fxg6 14. a3 Na6 15. Qc2 Kf7 16. e4 c5 17. e5 Bc7 18. exf6 Qd6 19. Nf3 gxf6 20. Nb5 Qc6 21. Nxc7 Qxc7 22. Bxh6 Rh8 23. Be3 f5 24. Rfe1 cxd4 25. Ng5+ Kg7 26. Bxd4+ Kh6 27. Qd2 Rhf8 28. Ne6+ Kh7 29. Nxc7 Nxc7 30. Re7+ Kg8 31. Rg7+ Kh8 32. Qh6# 1-0